LIBRARY & INFORMATION CENTRE, KCAET, TAVANUR

ONLINE PUBLIC ACCESS CATALOGUE (OPAC)

Modification and Testing of Tractor Operated KAU Banana Sucker Uprooting Machine (Record no. 14879)

MARC details
000 -LEADER
fixed length control field 00690nam a22001817a 4500
003 - CONTROL NUMBER IDENTIFIER
control field OSt
088 ## - REPORT NUMBER
Report number T 392
100 ## - MAIN ENTRY--AUTHOR NAME
Personal name NAVEEN B.V
245 ## - TITLE STATEMENT
Title Modification and Testing of Tractor Operated KAU Banana Sucker Uprooting Machine
260 ## - PUBLICATION, DISTRIBUTION, ETC. (IMPRINT)
Place of publication Tavanur 2017
Name of publisher DEPARTMENT OF FARM POWER, MACHINERY AND ENERGY
300 ## - PHYSICAL DESCRIPTION
Number of Pages 105
500 ## - GENERAL NOTE
General note Modification and Testing of Tractor Operated KAU Banana Sucker Uprooting Machine
520 ## - SUMMARY, ETC.
Summary, etc Modification and Testing of Tractor Operated KAU Banana Sucker Uprooting Machine
700 ## - ADDED ENTRY--PERSONAL NAME
Personal name Dr. Jayan P. R (Guide)
856 ## - ELECTRONIC LOCATION AND ACCESS
Uniform Resource Identifier https://drive.google.com/open?id=1gW_1I3LuDflKISQQyMntaGpv2hoeCmNG
942 ## - ADDED ENTRY ELEMENTS (KOHA)
Koha item type Theses
Holdings
Collection code Home library Current library Shelving location Full call number Accession Number Koha item type Public note
Reference KAUAET KAUAET Reference 631.3 NAV/MO T 392 Theses M.Tech Thesis
free website counter